| 000 | 00470nam a22001457a 4500 | ||
|---|---|---|---|
| 020 | _a0710302517 | ||
| 082 |
_a297.1228 _bHAE _cL-31 II, P-53 |
||
| 100 |
_aShaykh Fadhlalla Haer _946994 |
||
| 245 |
_aJourney of the Universe As Expounded in the Quran _cShaykh Fadhlalla Haer |
||
| 260 |
_aLondon _bRoutledge & Kegan Paul, Associated Book Publishers (UK) Ltd |
||
| 300 | _a102 P, : | ||
| 526 |
_a0 _b0 _c0 _d297_122800000000000_HAE |
||
| 650 |
_aMCE _9379 |
||
| 942 |
_2ddc _cBK |
||
| 999 |
_c550302 _d550302 |
||